Statistics for PUBG Loot

Click here to take the quiz!

General Stats

  • This quiz has been taken 335 times
  • The average score is 53 of 107

Answer Stats

CategoryAnswer% Correct
M416
84%
Backpacks | Helmets | VestsLevel 1
81%
Level 2
81%
Level 3
81%
Melee WeaponsPan
81%
Smoke Grenade
81%
AKM
79%
M24
77%
7.62mm
76%
Kar98
76%
5.56mm
75%
AWM
74%
UMP9
73%
Bandage
72%
2x Aimpoint Scope
70%
3x Backlit Scope
70%
4x ACOG Scope
70%
8x CQBSS Scope
70%
Ammo9mm
70%
SMGMicro UZI
70%
Painkillers
70%
6x Scope
69%
HealthMed Kit
69%
45 ACP
68%
BowsCrossbow
68%
Energy Drink
68%
Molotov
68%
Sights / ScopesRed Dot
68%
First Aid Kit
66%
M16A4
66%
Motorcycle
65%
ThrowablesFrag Grenade
64%
TransportationUAZ
63%
SKS
61%
Machete
60%
AUG A3
59%
Vector
59%
Stun Grenade
58%
Crowbar
56%
Snipers / DMRMini14
56%
Scar-L
56%
Suppressor
56%
Buggy
54%
M249
53%
SLR
53%
Assault RiflesGroza
52%
PP-19 Bizon
51%
Adrenaline Syringe
50%
Light Machine GunsDP-28
50%
MagazinesExtended Mag
50%
Vertical Foregrip
50%
Dacia
47%
MuzzlesFlash Hider
46%
MK14
46%
Compensator
44%
QuickDraw Mag
44%
Sickle
44%
QBZ
43%
15x PM II Scope
42%
Extended Quickdraw Mag
41%
Lightweight Grip
41%
ShotgunsS12K
41%
Half Grip
40%
Holographic Sight
38%
300 Magnum
35%
S686
35%
Thumb Grip
35%
QBU
34%
SidearmsP18C
33%
P92
33%
PG-117
33%
Crossbow Bolt
32%
Sawed-off
32%
Tommy Gun
32%
VSS
32%
P1911
30%
Skorpion
30%
GripsAngled Foregrip
29%
12 Gauge
28%
Beryl M762
28%
S1897
28%
Mk47 Mutant
26%
Stock (Uzi & Skorpion)
24%
Canted SIght
22%
G36C
21%
Tactical Stock
21%
Laser Sight
20%
Pickup
18%
Winchester 1894
18%
Cheek Pad
16%
Aquarail
15%
StocksBullets Loops
14%
Mirado
14%
R1895
14%
R45
14%
Snowmobile
13%
Choke
12%
Duckbill
11%
Van
11%
OtherGas Can
9%
Quiver
6%

Score Distribution

Percentile by Number Answered

Percent of People with Each Score

Your Score History

You have not taken this quiz